Company Mascot Blitz III Quiz Stats

 Plays Quiz Updated Aug 18, 2019

Score 0/16 Timer 01:00
6 Plays Today
% Correct
Chester Cheetah
92.8%
Gerber Baby
92.6%
Chef Boyardee
91.7%
GEICO Gecko
91.5%
Julius Pringle
91%
Cornelius Rooster
90.6%
Mr. Muscle
90.3%
Lucky the Leprechaun
89.4%
% Correct
Kool-Aid Man
89.1%
Charlie Tuna
88.9%
Marlboro Man
86.7%
Mr. Mucus
80.1%
Mr. Opportunity
76.4%
Ernie Keebler
74.9%
Churchill
68.9%
Luxo Jr.
59.9%

You're not logged in!

Compare scores with friends on all Sporcle quizzes.
OR
Log In

Sporcle TV

Today on Sporcle TV


Watch our educational content, quiz creation guides, and fun videos on Sporcle TV.

Show Comments

Extras

Top Quizzes Today


Score Distribution

Your Account Isn't Verified!

In order to create a playlist on Sporcle, you need to verify the email address you used during registration. Go to your Sporcle Settings to finish the process.

Report this User

Report this user for behavior that violates our Community Guidelines.

Details: